000 00378nam a2200157 4500
008 190226s1991||||xo d
100 1 _aŠtepán Miroslav
_9965
245 1 0 _aZpoved vezne sametové revoluce
250 _a1. vydanie
260 _bGrafit
_aPraha
_c1991
300 _a162 s.
020 _a80-900-2-6
_c0
041 1 _aslo
044 _axo
_cSK
958 _aAPR
999 _c22226
_d22226